00930 a2200193 4500003000500000005001700005040000900022082001600031100002700047245003800074260004800112300002300160505034400183600002700527650002700554942001200581999001900593952012400612Nust20221220115242.0 cNust a621.384,MAR aMarcus, Abraham940045 aRadio projects /cAbraham Marcus, aPrentice-Hall,bEnglewood Cliffs [N.Jc1955 a74 pbillusc29 cm aHow to Solder (Page-1), Crystal Detector Receiver (Page-6) Diode Detector Receiver (Page-12), The Regenerative Receiver (Page-18), A-C Power Supply #1 (Page-25), A-C Power Supply #2 (Page-34), Audio-Frequency Amplifier (Page-38), Tuned-Radio-Frequency Tuner (Page-44), AC-DC Superheterodyne Receiver (Page-54), Code Oscillator (Page-65). aMarcus, Abraham940045 aRadio projects9105332 2ddccBK c183073d183073 00102ddc4070aMCSbMCScGENd2016-12-12o621.384,MARpMCS6651r2016-12-08w2016-12-12yBKzAlmirah No.38, Shelf No.2